Tekanan kerja di kalangan guru-guru sekolah menengah daerah Kubang Pasu, Kedah /
محفوظ في:
| المؤلف الرئيسي: | |
|---|---|
| التنسيق: | أطروحة كتاب |
| اللغة: | Malay |
| منشور في: |
2003.
|
| الموضوعات: | |
| الوسوم: |
إضافة وسم
لا توجد وسوم, كن أول من يضع وسما على هذه التسجيلة!
|
| LEADER | 00880cam a2200229 a 4500 | ||
|---|---|---|---|
| 001 | u730339 | ||
| 003 | SIRSI | ||
| 005 | 200611131802 | ||
| 008 | 061113s2003 my a t 00 0 may m | ||
| 040 | |a UMK | ||
| 098 | |a LB2831.9 |b UM 2003 Zaia | ||
| 100 | 0 | 0 | |a Zainol Ahmad. |
| 245 | 1 | 0 | |a Tekanan kerja di kalangan guru-guru sekolah menengah daerah Kubang Pasu, Kedah / |c Zainol Ahmad. |
| 260 | |c 2003. | ||
| 300 | |a x, 108 [9] leaves : |b ill. ; |c 30 cm. | ||
| 502 | |a Dissertation (M.Princ.) -- Institut Pengajian Kepengetuaan, Universiti Malaya, 2003. | ||
| 504 | |a Bibliography: leaves 106-108. | ||
| 650 | 0 | |a Teachers |x Job stress. | |
| 650 | 0 | |a Teacher-principal relationships. | |
| 710 | 2 | 0 | |a Universiti Malaya. |b Institut Pengajian Kepengetuaan. |
| 596 | |a 19 | ||
| 999 | |a LB2831.9 UM 2003 ZAIA |w LC |c 1 |i A511796720 |d 3/4/2008 |e 3/4/2008 |f 15/12/2006 |g 1 |l STACKS |m P19KOTA |n 5 |r Y |s Y |t TESIS |u 13/11/2006 | ||
